|
|
|
|
| LEADER |
00000nam a2200000Ii 4500 |
| 001 |
DIGEDUNAV0046 |
| 003 |
NyNyDIG |
| 006 |
m o d |
| 007 |
cr ||||||||||| |
| 008 |
220611s2008 sp o 100 0 spa d |
| 035 |
|
|
|a (OCoLC)1054064206
|
| 040 |
|
|
|a DGITA
|b eng
|e rda
|e pn
|c DGITA
|
| 020 |
|
|
|z 9788431325657
|
| 050 |
1 |
4 |
|a BV4520 ebook
|
| 082 |
0 |
4 |
|a 268
|
| 245 |
0 |
3 |
|a La transmisión de la fe en la sociedad contemporánea /
|c edición dirigida por Javier Sesé y Ramiro Pellitero.
|
| 264 |
|
1 |
|a Pamplona, España :
|b EUNSA, Ediciones Universidad de Navarra,
|c [2008]
|
| 300 |
|
|
|a 1 online resource.
|
| 336 |
|
|
|a text
|b txt
|2 rdacontent
|
| 337 |
|
|
|a computer
|b c
|2 rdamedia
|
| 338 |
|
|
|a online resource
|b cr
|2 rdacarrier
|
| 347 |
|
|
|a text file
|2 rdaft
|
| 347 |
|
|
|b PDF
|
| 490 |
1 |
|
|a Simposios internacionales de teología ;
|v 28
|
| 500 |
|
|
|a "Aquí se reúnen las principales aportaciones -ponencias y comunicaciones- del XXVIII Simposio Internacional de Teología, celebrado en la Universidad de Navarra durante los días 18 al 20 de abril de 2007"--Page 10.
|
| 588 |
0 |
|
|a Online resource; title from PDF title page (Digitalia, viewed June 11, 2022)
|
| 650 |
|
0 |
|a Witness bearing (Christianity)
|v Congresses.
|
| 650 |
|
0 |
|a Religious education
|v Congresses.
|
| 650 |
|
0 |
|a Christianity and culture
|v Congresses.
|
| 655 |
|
0 |
|a Electronic books.
|
| 700 |
1 |
|
|a Sesé, Javier,
|d 1958-
|e editor.
|
| 700 |
1 |
|
|a Pellitero, Ramiro,
|d 1956-
|e editor.
|
| 711 |
2 |
|
|a Simposio Internacional de Teología de la Universidad de Navarra
|n (28th :
|d 2007 :
|c Pamplona, Spain)
|
| 791 |
2 |
|
|a Digitalia (Firm),
|e distributor.
|
| 793 |
0 |
|
|g Digitalia eBook Collection:
|a Ediciones Universidad de Navarra
|
| 776 |
0 |
8 |
|i Print version:
|t Transmisión de la fe en la sociedad contemporánea.
|b Primera edición.
|d Pamplona, España : EUNSA, Ediciones Universidad de Navarra, [2008]
|z 9788431325657
|
| 830 |
|
0 |
|a Simposios internacionales de teología ;
|v 28.
|
| 856 |
4 |
0 |
|3 Digitalia Hispánica
|u https://www.digitaliapublishing.com/a/51351/
|
| 910 |
|
|
|a Premium collection: 2022
|